000 01095nam a2200301 i 4500
001 191536
003 SpMaBN
005 20250727150808.0
008 220927s1988 sp spa
016 7 _abimoBNE19910427676
_zSAB9000047021 [
_2SpMaBN]
017 _aM 42666-1988
_bOficina Depósito Legal Madrid
020 _a84-86688-17-5 (v. 1)
035 _a(OCoLC)435051691
040 _aSpMaBN
_bspa
_cSpMaBN
_erdc
080 _a025.45 CDU (083.74)
245 0 0 _aCDU :
_bClasificación Decimal Universal : tablas completas.
250 _a2ª ed. en español, rev. y act.
260 _aMadrid :
_bAENOR,
_c1988-
300 _av. <0> ;
_c30 cm.
500 _a"UNE 50-002 1ª revisión"
500 _a"Publicación 664 de la Federación internacional de Documentación"
505 1 _a0. Generalidades
650 7 _aClasificación decimal universal
_2embne
_9164660
710 2 _aAsociación Española de Normalización y Certificación.
_9175273
852 _aES-MaACL
_jA-15162
_9 198784
_cDEPO1
_dOlim: 025.45 CDU (1988)
942 _2udc
999 _c191536
_d191536